00570nam a2200169 a 450000100100000000500170001000800410002702000150006804000250008308200210010810000260012924501290015525000110028426000550029530000280035070000220037800003545920200930074346.0111101s1999 sp a 000 0 spa d a8478809856 aDO-SdBNPbspacBNPHU axxxbB651l, 19991 aBloch, Arthur,b1948-13aLa ley del Murphy del 2000 :b¿Hay algo más que pueda ir mal en el siglo xxi? /cArthur Bloch ; traducción Ana Mendoza. a5a ed. aMadrid, España :bEdiciones Temas de hoy,c1999. a162 p. :bil. ;c21 cm.1 aMendoza, Anaetr.